| 000 | 01056cam a22003255a 4500 | ||
|---|---|---|---|
| 001 | 13718767 | ||
| 005 | 20171111101822.0 | ||
| 008 | 040914t2006 maua frbf 001 0 eng d | ||
| 010 | _a 2004113506 | ||
| 020 | _a0618474064 | ||
| 020 | _a9780618474066 | ||
| 040 |
_aDLC _beng _cDLC _dDLC _dEG-ScBUE |
||
| 043 | _an-us--- | ||
| 082 | 0 | 4 |
_a370.973 _bORN _222 |
| 100 | 1 | _aOrnstein, Allan C. | |
| 245 | 1 | 0 |
_aFoundations of education / _cAllan C. Ornstein, Daniel U. Levine. |
| 246 | 3 | 0 | _aEducation |
| 250 | _a9th ed. | ||
| 260 |
_aBoston : _bHoughton Mifflin Co., _cc.2006. |
||
| 300 |
_a1 v. (various pagings) : _bill. ; _c27 cm. |
||
| 504 | _aIncludes bibliographical references and indexes. | ||
| 650 | 7 |
_aEducation _xStudy and teaching _zUnited States. _2BUEsh |
|
| 650 | 7 |
_aEducation _xHistory. _2BUEsh |
|
| 650 | 7 |
_aEducation _zUnited States _xHistory. _2BUEsh |
|
| 650 | 7 |
_aTeaching _vHandbooks, manuals, etc. _2BUEsh _939779 |
|
| 651 | _2BUEsh | ||
| 653 |
_bGGEN _bHHUUEENN _cNovember2017 |
||
| 700 | 1 |
_aLevine, Daniel U., _d1935- |
|
| 942 | _2ddc | ||
| 999 |
_c25555 _d25527 |
||